Nuclei and particles (Record no. 140271)
[ view plain ]
| 000 -LEADER | |
|---|---|
| campo de control de longitud fija | 00505nam a2200157 4500 |
| 001 - NÚMERO DE CONTROL | |
| campo de control | 140271 |
| 003 - IDENTIFICADOR DE NÚMERO DE CONTROL | |
| campo de control | ES-MaACL |
| 007 - CAMPO FIJO DE DESCRIPCIÓN FÍSICA--INFORMACIÓN GENERAL | |
| campo de control de longitud fija | t| |
| 008 - DATOS DE LONGITUD FIJA--INFORMACIÓN GENERAL | |
| campo de control de longitud fija | 070214s1974 xxu r ||||1| eng d |
| 100 1# - ENTRADA PRINCIPAL--NOMBRE DE PERSONA | |
| Nombre de persona | Segre, Emilio. |
| 9 (RLIN) | 105164 |
| 245 10 - MENCIÓN DEL TÍTULO | |
| Título | Nuclei and particles |
| Resto del título | : an introduction to Nuclear and Subnuclear Physics / |
| Mención de responsabilidad, etc. | Emilio Segre. |
| 250 ## - MENCION DE EDICION | |
| Mención de edición | 3rd print. |
| 260 ## - PUBLICACIÓN, DISTRIBUCIÓN, ETC. | |
| Lugar de publicación, distribución, etc. | Reading (Massachusetts) [etc.] : |
| Nombre del editor, distribuidor, etc. | W. A. Benjamin, |
| Fecha de publicación, distribución, etc. | 1974. |
| 300 ## - DESCRIPCIÓN FÍSICA | |
| Extensión | XVI, 741 p. : |
| Otras características físicas | il. ; |
| Dimensiones | 26 cm. |
| 852 ## - LOCALIZACIÓN | |
| Ubicación | ES-MaACL |
| Número de control de estantería | E-6976 |
| Sublocalización o colección | R.91245 |
| Estatus retirado | Estado de pérdida | Estado de daño | No para préstamo | Biblioteca de origen | Biblioteca actual | Ubicación en estantería | Fecha de adquisición | Fuente de adquisición | Total de préstamos | Signatura topográfica completa | Código de barras | Visto por última vez | Precio de reemplazo | Tipo de ítem Koha |
|---|---|---|---|---|---|---|---|---|---|---|---|---|---|---|
| Biblioteca del Ateneo de Madrid | Biblioteca del Ateneo de Madrid | Depósito 2 | 17/01/2008 | E-6976 | 1145970 | 23/02/2023 | 23/02/2023 | Libro impreso |
